| 000 | 00644nam a2200217 a 4500 | ||
|---|---|---|---|
| 001 | 000022869 | ||
| 005 | 20200930021839.0 | ||
| 008 | 101119s1988 sp r 000 j spa d | ||
| 020 | _a847683098x | ||
| 040 |
_aDO-SdBNP _bspa _cBNPHU |
||
| 082 |
_a863.64 _bC392c |
||
| 100 | 1 |
_aCela Trulock, Jorge _946998 |
|
| 245 | 1 | 0 |
_aCuando sonries : _bcuentos / _cJorgeCela Trulock ; editor Antonio J. Murcia. |
| 260 |
_aMadrid : _bLibertarias, _c1988. |
||
| 300 | _a156 p. ;. | ||
| 490 | 1 |
_aCuando sonries ; _v32 |
|
| 650 | 4 |
_aCuentos espaƱoles _93194 |
|
| 650 | 4 |
_aLiteratura espaƱola _9632 |
|
| 830 | 0 |
_aCuando sonries ; _v32 _946999 |
|
| 049 | _aBNGR | ||
| 999 |
_c22366 _d22366 |
||